Sports Quiz

Random Sports or Canada Quiz

Blue Jays Since 2005-2012 Quiz Stats

 Plays Quiz not verified by Sporcle

Challenge
Share
Tweet
Embed
Score 0/23 Timer 05:00
0 Plays Today
Letter Player % Correct
BBautista...
95.8%
RRasmus...
93.7%
HHalladay...
92.1%
EEncarnacion...
87%
LLawrie...
87%
JJohnson...
86.2%
MMorrow...
80.8%
WWells...
79.1%
SScutaro...
77%
AArencibia...
72.4%
GGlaus...
70.3%
DDavis...
68.2%
Letter Player % Correct
ZZaun
59.8%
TThomas...
59.4%
CCordero...
58.6%
OOverbay...
56.1%
FFrasor...
40.2%
VVizquel...
39.7%
PPerez...
34.3%
KKoskie...
18.8%
IInglett...
14.6%
NNix
11.7%
QQuiroz
10.5%

You're not logged in!

Compare scores with friends on all Sporcle quizzes.
OR
Log In

You Might Also Like...

Show Comments

Extras

Top Quizzes Today


Score Distribution

Your Account Isn't Verified!

In order to create a playlist on Sporcle, you need to verify the email address you used during registration. Go to your Sporcle Settings to finish the process.

Report this User

Report this user for behavior that violates our Community Guidelines.

Details: